000 00974cam a2200313 a 4500
001 1525771
003 OSt
005 20140310184249.0
008 900214s1990 nyu j 000 1 eng
010 _a 90032174
020 _a0590409603 :
_c$12.95
040 _aDLC
_cDLC
_dDLC
042 _alcac
050 0 0 _aPZ 7
_b.M31264Ch 1990
100 1 _aManes, Stephen,
_d1949-
_927130
245 1 0 _aChocolate-covered ants /
_cStephen Manes.
260 _aNew York :
_bScholastic Inc.,
_cc1990.
300 _a103 p. ;
_c22 cm.
521 _aG3
526 _c560
650 1 _aEdible insects
_xFiction.
_927131
650 1 _aWagers
_xFiction.
_927132
650 1 _aBrothers
_xFiction.
_927133
906 _a7
_bcbc
_corignew
_d1
_eocip
_f19
_gy-gencatlg
942 _2lcc
_cBK-SCHOLAS
999 _c33351
_d33351